[Event "Asatim Chess"]
[Site "http://www.queenalice.com/game.php?id=696597"]
[Date "2009.12.12"]
[Round "3"]
[White "jcmlima"]
[Black "manzan"]
[Result "0-1"]
[WhiteElo "1630"]
[BlackElo "1780"]

1. e4 c5 2. Nf3 d6 3. Nc3 Nf6 4. Bb5+ Bd7 5. Bxd7+ Nbxd7 6. d3 h6 7. Be3 Ne5 8.
Nxe5 dxe5 9. Bxc5 Qc7 10. b4 b6 11. Nd5 Nxd5 12. exd5 bxc5 13. c4 cxb4 14. Qa4+
Qd7 15. Qxb4 a6 16. Qa5 e6 17. dxe6 Qxe6 18. Rb1 Be7 19. Rb6 Qd7 20. Rxa6 Rxa6
21. Qxa6 Bb4+ 22. Ke2 Qg4+ 23. Ke3 Qg5+ 24. Ke4 Qf4+ 25. Kd5 Qd4+ 26. Kc6 Qc5+
27. Kb7 O-O 28. Rb1 Qc8+ 29. Kb6 Qe6+ 30. Kb5 Rb8+ 0-1

[Event "Asatim Chess"]
[Site "http://www.queenalice.com/game.php?id=705684"]
[Date "2009.12.30"]
[Round "4"]
[White "rferraz"]
[Black "manzan"]
[Result "1-0"]
[WhiteElo "1707"]
[BlackElo "1783"]

1. d4 d5 2. c4 e6 3. Nf3 Be7 4. Nc3 Nf6 5. e3 O-O 6. Bd2 dxc4 7. Bxc4 a6 8. O-O
Ng4 9. h3 Nxf2 10. Rxf2 Nc6 11. Be1 Bb4 12. Rd2 Qf6 13. Bh4 Qh6 14. Bg5 Qg6 15.
Bd3 f5 16. e4 Nxd4 17. h4 Bc5 18. Nxd4 Bxd4+ 19. Kh2 Be5+ 20. g3 b5 21. exf5
exf5 22. Ne2 Qb6 23. Bc2 Qf2+ 24. Kh3 f4+ 25. g4 Qf3+ 26. Kh2 Bxg4 27. Kg1 Qe3+
28. Kf1 1-0

[Event "AUTO-OPEN-1696"]
[Site "http://www.queenalice.com/game.php?id=714582"]
[Date "2010.1.16"]
[Round "2"]
[White "manzan"]
[Black "GMcruz"]
[Result "0-1"]
[WhiteElo "1734"]
[BlackElo "2035"]

1. e4 c6 2. d4 d5 3. Nc3 dxe4 4. Nxe4 Bf5 5. Ng5 Nf6 6. Be2 e6 7. Nxf7 Kxf7 8.
Nf3 Nbd7 9. O-O h6 10. Nh4 Bd6 11. Nxf5 exf5 12. Bc4+ Kg6 13. Qf3 Re8 14. Bd3
Ne4 0-1

[Event "AUTO-OPEN-1696"]
[Site "http://www.queenalice.com/game.php?id=714583"]
[Date "2010.1.16"]
[Round "2"]
[White "GMcruz"]
[Black "manzan"]
[Result "1-0"]
[WhiteElo "2039"]
[BlackElo "1730"]

1. d4 e6 2. c4 Bb4+ 3. Bd2 a5 4. Nf3 Ne7 5. g3 d5 6. Bg2 h6 7. O-O Bd6 8. Nc3
dxc4 9. e4 O-O 10. a3 Ng6 11. h4 e5 12. h5 exd4 13. hxg6 dxc3 14. Bxc3 1-0

[Event "Dama é + legal"]
[Site "http://www.queenalice.com/game.php?id=737628"]
[Date "2010.2.25"]
[Round "2"]
[White "manzan"]
[Black "rferraz"]
[Result "0-1"]
[WhiteElo "1753"]
[BlackElo "1689"]

1. e4 e5 2. Nf3 Nc6 3. a3 Nf6 4. Nc3 Bc5 5. Qe2 O-O 6. Na4 Nd4 7. Nxd4 Bxd4 8.
c3 Bb6 9. Qf3 d6 10. Bc4 Bg4 11. Qg3 Qe7 12. O-O Be6 0-1

[Event "Cavalo de Fogo!!"]
[Site "http://www.queenalice.com/game.php?id=1002300"]
[Date "2011.10.28"]
[Round "1"]
[White "saruman"]
[Black "manzan"]
[Result "1-0"]
[WhiteElo "1519"]
[BlackElo "1679"]

1. e4 e5 2. Bc4 Nf6 3. Nc3 Nxe4 4. d3 Nxf2 5. Qf3 Nxd3+ 6. cxd3 f6 7. Bg5 c6 8.
O-O-O d5 9. Qh5+ g6 10. Qe2 Bd6 11. Ne4 fxg5 12. Bb3 g4 13. h3 dxe4 14. dxe4
Qg5+ 15. Kb1 Bc5 16. hxg4 Na6 17. Nh3 Bxg4 18. Bf7+ Kf8 19. Qf1 Qe3 20. Re1
Qxe1+ 21. Qxe1 Kxf7 22. Ng5+ Ke7 23. Qc3 Bd6 24. Qb3 Nc5 25. Qf7+ Kd8 26. Qf6+
Kd7 27. Qg7+ Be7 28. Nxh7 Rhg8 29. Nf6+ Ke6 30. Nxg8 Re8 31. Qxg6+ Kd7 32. Qxg4+
Kc7 33. Rh7 Na4 34. Nf6 Nc3+ 35. bxc3 Kb6 36. Nxe8 Ba3 37. Qd7 Kb5 38. Qxb7+ Kc5
39. Qxa7+ Kc4 40. Qxa3 Kd3 41. Rh4 Ke3 42. Qc1+ Kd3 43. Nd6 c5 44. Qc2+ Ke3 45.
Nc4# 1-0

[Event "SpiderMonkey Vs V8"]
[Site "http://www.queenalice.com/game.php?id=1225440"]
[Date "2013.10.17"]
[Round "-"]
[White "manzan"]
[Black "hugosenari"]
[Result "0-1"]
[WhiteElo "1661"]
[BlackElo "1500"]

1. e4 e5 2. Qf3 Qe7 3. Bc4 Nf6 4. Ne2 d6 5. O-O c6 6. Nec3 Be6 7. Bd3 a6 8. b3
g5 9. h3 g4 10. hxg4 Bxg4 11. Qe3 Nbd7 12. Be2 h5 13. f3 Bh6 14. Qf2 Be6 15. d4
d5 16. Ba3 Qd8 17. exd5 cxd5 18. dxe5 Nxe5 19. Bb2 Rg8 20. Na4 Nfd7 21. Nc5 Bh3
22. Nxb7 Qf6 23. Kh1 Bxg2+ 24. Kh2 Bf4+ 25. Kg1 Bxf3+ 26. Qg3 Rxg3+ 27. Kf2 Rg2+
28. Ke1 Bg3+ 29. Rf2 Bxf2+ 30. Kf1 Rg1+ 31. Kxf2 Qb6+ 32. Nc5 Qxc5+ 33. Bd4
Qxd4# 0-1

[Event "486 vs Apple II"]
[Site "http://www.queenalice.com/game.php?id=1227184"]
[Date "2013.10.25"]
[Round "-"]
[White "hugosenari"]
[Black "manzan"]
[Result "0-1"]
[WhiteElo "1640"]
[BlackElo "1663"]

1. b4 Nf6 2. c4 e6 3. d4 Ne4 4. a3 Qf6 5. Nh3 h6 6. g3 d5 7. f3 Nd6 8. c5 Nb5 9.
Be3 a6 10. a4 Na7 11. Bf4 Nbc6 12. b5 Nxd4 13. bxa6 bxa6 14. Bxc7 Bxc5 15. Nd2
Nc2+ 16. Qxc2 Qxa1+ 17. Nb1 Bb4+ 18. Kf2 a5 19. e3 O-O 20. Be2 Qf6 21. Kg2 Bd7
22. Nf4 e5 23. Nxd5 Qe6 24. Qe4 Nc6 25. h3 f5 26. Qc4 Kh8 27. f4 Rac8 28. Bb6
Ne7 29. Nc7 Qxb6 30. fxe5 Rxc7 31. Qb3 Bc6+ 32. Bf3 Bxf3+ 33. Kxf3 Qb7+ 34. Kf2
Qxh1 35. Ke2 Qg2+ 36. Kd1 Qf3# 0-1

[Event "Apache vs NGINX"]
[Site "http://www.queenalice.com/game.php?id=1231852"]
[Date "2013.11.12"]
[Round "-"]
[White "hugosenari"]
[Black "manzan"]
[Result "1-0"]
[WhiteElo "1577"]
[BlackElo "1680"]

1. e4 Nf6 2. Bd3 d5 3. e5 Nfd7 4. Nf3 e6 5. Bb5 c6 6. Bd3 Bc5 7. O-O Qc7 8. Re1
O-O 9. Bxh7+ Kxh7 10. Ng5+ Kg6 11. d4 Bb4 12. c3 Be7 13. h4 f6 14. h5+ Kf5 15.
Qf3# 1-0

[Event "Caninos vs Molares"]
[Site "http://www.queenalice.com/game.php?id=1233624"]
[Date "2013.11.20"]
[Round "-"]
[White "manzan"]
[Black "hugosenari"]
[Result "0-1"]
[WhiteElo "1682"]
[BlackElo "1648"]

1. e3 Nf6 2. Nc3 Nc6 3. Bd3 e5 4. a3 d5 5. Qe2 Be6 6. Nf3 Bd6 7. e4 d4 8. Nb5
O-O 9. h3 a6 10. Nxd6 Qxd6 11. O-O Ne7 12. Nxd4 Qxd4 13. Qe3 c5 14. Qxd4 cxd4
15. b4 h5 16. f3 Ng6 17. Kh2 h4 18. Be2 Nh5 19. Re1 Nhf4 20. d3 a5 21. Bd2 axb4
22. Bxb4 Rfc8 23. Rac1 Rc3 24. Bxc3 dxc3 25. Ra1 Ne7 26. Bf1 Nc6 27. Reb1 g5 28.
Rxb7 Nd4 29. Rc1 Rxa3 30. Rc7 Kg7 31. g3 hxg3+ 32. Kxg3 Nfe2+ 0-1